Tinh hoa văn học dân gian người Việt

Nội dung giới thiệu những câu vè về châm biếm những thói hư tật xấu, vè giáo huấn, bảo ban, khuyên nhủ, vè tâm sự. Giới thiệu những tin hoa của văn học dân gian Việt Nam

Spremljeno u:
Bibliografski detalji
Format: Knjiga
Jezik:Undetermined
Izdano: Hà Nội Khoa học - Xã hội 2009
Teme:
Oznake: Dodaj oznaku
Bez oznaka, Budi prvi tko označuje ovaj zapis!
Thư viện lưu trữ: Trung tâm Học liệu Trường Đại học Cần Thơ
LEADER 00823nam a2200193Ia 4500
001 CTU_147810
008 210402s9999 xx 000 0 und d
020 |c 38000 
082 |a 398.8 
082 |b T312/Q2 
245 0 |a Tinh hoa văn học dân gian người Việt 
245 0 |c Vũ Tố Hảo ( biên soạn ) 
260 |a Hà Nội 
260 |b Khoa học - Xã hội 
260 |c 2009 
520 |a Nội dung giới thiệu những câu vè về châm biếm những thói hư tật xấu, vè giáo huấn, bảo ban, khuyên nhủ, vè tâm sự. Giới thiệu những tin hoa của văn học dân gian Việt Nam 
650 |a Vietnamese poetry,Hò vè Việt Nam 
904 |i Qhieu 
980 |a Trung tâm Học liệu Trường Đại học Cần Thơ